| 000 | 00409nam a2200157Ia 4500 | ||
|---|---|---|---|
| 008 | 240729s9999 xx 000 0 und d | ||
| 022 | _a2631-3030 | ||
| 245 | 0 | _aForestry Economics Review | |
| 260 | _aUnited Kingdom | ||
| 260 | _bEmerald Publishing | ||
| 650 | _a Forestry | ||
| 650 | _aAgriculture | ||
| 856 | _uhttps://doaj.org/toc/3ba041171a784d39877db252b0204ae1 | ||
| 942 | _2ddc | ||
| 942 | _cDOAJEJ | ||
| 999 |
_c65977 _d65977 |
||
| 945 |
_a1 _bMadushi Gamage _c1 _dMadushi Gamage |
||